Animals beginning with the letter S (pictures) - Statistics

General Stats
  • This quiz has been taken 406 times
  • The average score is 18 of 23
Answer Stats
Picture Answer % Correct
Snail
97%
Swan
96%
Spider
95%
Starfish
95%
Seahorse
94%
Seal
93%
Shark
93%
Squirrel
91%
Sloth
90%
Slug
90%
Snake
90%
Scorpion
89%
Skunk
89%
Seagull
85%
Salmon
79%
Salamander
77%
Stingray
73%
Stork
68%
Shrew
59%
Sparrow
57%
Squid
55%
Skink
33%
Shoebill
28%
No matching quizzes found
Score Distribution
Percent of People with Each Score
Percentile by Number Answered
Your Score History
You have not taken this quiz